000 00168 a2200097 4500
020 _a8484035255
041 _aspa
100 _aHomero
245 _aLa odisea
942 _cBK
999 _c3979
_d3979